000 00753nam a2200229Ii 4500
003 JO-AjNU
008 230605s9999||||xx |||||||||||||| ||und||
017 _a2004/6/1361
020 _a9957-18-025-8
040 _aJO-AjNU
_bara
_erda
_cJO-AjNU
041 _aara
050 1 4 _aPJ7530.N3764 2004
100 3 _aتأليف رشيد، ناظم,
_eauthor
_923390
245 0 0 _aدراسات في الأدب العربي في ظل الدولة الأيوبية
250 _aط1
264 3 1 _aعمان: دار المناهج، 2004
300 _a288ص
336 _atext
_btxt
_2rdacontent
337 _aunmediated
_bn
_2rdamedia
338 _avolume
_bnc
_2rdacarrier
650 4 _aالأدب العربي - العصر الأموي - دراسات
_923391
999 _aA8454
_c12022
_d12022